Flowers in the morning sun / (Record no. 33123)
[ view plain ]
| 000 -LEADER | |
|---|---|
| fixed length control field | 00622nam a22002177a 4500 |
| 003 - CONTROL NUMBER IDENTIFIER | |
| control field | OSt |
| 005 - DATE AND TIME OF LATEST TRANSACTION | |
| control field | 20241017103155.0 |
| 008 - FIXED-LENGTH DATA ELEMENTS--GENERAL INFORMATION | |
| fixed length control field | 241017b |||||||| |||| 00| 0 eng d |
| 020 ## - INTERNATIONAL STANDARD BOOK NUMBER | |
| International Standard Book Number | 9789966794131 |
| 020 ## - INTERNATIONAL STANDARD BOOK NUMBER | |
| International Standard Book Number | 9789966794130 |
| 040 ## - CATALOGING SOURCE | |
| Original cataloging agency | MMU |
| Language of cataloging | eng |
| Transcribing agency | MMU |
| Modifying agency | MMU |
| 050 ## - LIBRARY OF CONGRESS CALL NUMBER | |
| Classification number | FIC PR 4731 .M34 2011 |
| 100 ## - MAIN ENTRY--PERSONAL NAME | |
| Personal name | Mberia,kithaka |
| 9 (RLIN) | 1629 |
| 245 ## - TITLE STATEMENT | |
| Title | Flowers in the morning sun / |
| Statement of responsibility, etc. | By Kithaka wa Mberia. |
| 260 ## - PUBLICATION, DISTRIBUTION, ETC. (IMPRINT) | |
| Place of publication, distribution, etc. | Nairobi : |
| Name of publisher, distributor, etc. | Marimba Publications Limited, |
| Date of publication, distribution, etc. | 2011. |
| 300 ## - PHYSICAL DESCRIPTION | |
| Extent | iv, 86 Pages : |
| 650 ## - SUBJECT ADDED ENTRY--TOPICAL TERM | |
| Topical term or geographic name as entry element | Flowers |
| 9 (RLIN) | 2098 |
| 700 ## - ADDED ENTRY--PERSONAL NAME | |
| Personal name | Kasu Khalfan |
| 9 (RLIN) | 1847 |
| 700 ## - ADDED ENTRY--PERSONAL NAME | |
| Personal name | Marami Marami V. |
| 9 (RLIN) | 2099 |
| 942 ## - ADDED ENTRY ELEMENTS (KOHA) | |
| Source of classification or shelving scheme | Library of Congress Classification |
| Koha item type | L |
| Withdrawn status | Lost status | Source of classification or shelving scheme | Damaged status | Not for loan | Home library | Current library | Date acquired | Source of acquisition | Cost, normal purchase price | Total Checkouts | Full call number | Barcode | Date last seen | Date last checked out | Price effective from | Koha item type |
|---|---|---|---|---|---|---|---|---|---|---|---|---|---|---|---|---|
| Library of Congress Classification | Maasai Mara University Library -Main Campus | Maasai Mara University Library -Main Campus | 10/17/2024 | purchased | 500.00 | 1 | FIC PR 4731 .M34 2011 | 24040149 | 03/05/2025 | 02/28/2025 | 10/17/2024 | L |